<?xml version="1.0" encoding="UTF-8"?>
<collection xmlns="http://www.loc.gov/MARC21/slim">
 <record>
  <leader>     na                 </leader>
  <controlfield tag="001">INLIS000000000004045</controlfield>
  <controlfield tag="005">20231116073136</controlfield>
  <datafield tag="035" ind1=" " ind2=" ">
   <subfield code="a">0010-0122000076</subfield>
  </datafield>
  <controlfield tag="007">ta</controlfield>
  <controlfield tag="008">231116                g          0 ind  </controlfield>
  <datafield tag="020" ind1=" " ind2=" ">
   <subfield code="a">978-602-376-710-6</subfield>
  </datafield>
  <datafield tag="082" ind1=" " ind2=" ">
   <subfield code="a">615</subfield>
  </datafield>
  <datafield tag="084" ind1=" " ind2=" ">
   <subfield code="a">615 TAT b</subfield>
  </datafield>
  <datafield tag="100" ind1="0" ind2=" ">
   <subfield code="a">Tatiana siska wardani</subfield>
  </datafield>
  <datafield tag="245" ind1="1" ind2=" ">
   <subfield code="a">Botani Farmasi /</subfield>
   <subfield code="c">Tatiana siska wardani</subfield>
  </datafield>
  <datafield tag="260" ind1=" " ind2=" ">
   <subfield code="a">Yogyakarta :</subfield>
   <subfield code="b">Pustaka Baru Press,</subfield>
   <subfield code="c">2021</subfield>
  </datafield>
  <datafield tag="300" ind1=" " ind2=" ">
   <subfield code="a">vi,219p. :</subfield>
   <subfield code="b">Ilus. ;</subfield>
   <subfield code="c">23cm.</subfield>
  </datafield>
  <datafield tag="650" ind1=" " ind2=" ">
   <subfield code="a">Botani Farmasi</subfield>
  </datafield>
  <datafield tag="856" ind1=" " ind2=" ">
   <subfield code="a">Farmasi</subfield>
  </datafield>
  <datafield tag="700" ind1="0" ind2=" ">
   <subfield code="a">Nurul Nurhayati</subfield>
  </datafield>
  <datafield tag="520" ind1=" " ind2=" ">
   <subfield code="a">Botani atau ilmu tumbuh-tumbuhan adalah ilmu yang mempelajari tentang tumbuh-tumbuhan, jamur, dan alga, dengan mikologi dan fikologi yang berada di dalam cabang ilmu botani. Botani merupakan salah satu cabang biologi yang mempelajari tentang tumbuhan, meliputi jenis, struktur, persebaran, dan klasifikasinya. Ilmu ini sangat berguna dalam dunia pertanian, karena kita dapat mengetahui karakteristik dari berbagai jenis tumbuhan serta cara melestarikannya. Apa hubungan antara ilmu biologi dan botani? Kaitannya yaitu dalam ilmu biologi terdapat yang namanya cabang ilmu biologi, kemudian dalam cabang ilmu biologi tersebut terdapat cabang ilmu biologi yang disebut BOTANI yang merupakan cabang ilmu biologi yang mempelajari tentang tumbuhan.&#13;
&#13;
Lalu apa hubungannya botani dengan farmasi?&#13;
&#13;
Botani Farmasi mempelajari morfologi dan anatomi tumbuhan serta pemanfaatannya untuk identifikasi/determinasi tanaman obat. Botani farmasi juga mempelajari tata nama dan taksonomi tumbuhan obat, termasuk ciri-ciri famili tanaman obat, spesies tanaman, serta kandungan utama dalam tanaman tersebut. Manfaat mempelajari botani farmasi untuk seorang farmasis adalah mengetahui zat yang terkandung dalam tumbuhan serta dapat memanfaatkan zat dalam tumbuhan untuk membuat obat-obatan. Obat-obatan yang dibuat dari tumbuhan ini dikenal dengan istilah obat herbal.&#13;
&#13;
Daftar isi :&#13;
&#13;
Bab 1 : Pengantar botani farmasi&#13;
Bab 2 : Terminologi morfologi tumbuhan&#13;
Bab 3 : Metabolisme sel dan peranan enzim&#13;
Bab 4 : Struktur bagian dalam sel tumbuhan&#13;
Bab 5 : Fotosintesis&#13;
Bab 6 : Respirasi</subfield>
  </datafield>
  <datafield tag="990" ind1=" " ind2=" ">
   <subfield code="a">00000008015</subfield>
  </datafield>
  <datafield tag="990" ind1=" " ind2=" ">
   <subfield code="a">00000008016</subfield>
  </datafield>
  <datafield tag="990" ind1=" " ind2=" ">
   <subfield code="a">00000008834</subfield>
  </datafield>
  <datafield tag="990" ind1=" " ind2=" ">
   <subfield code="a">00000008837</subfield>
  </datafield>
  <datafield tag="990" ind1=" " ind2=" ">
   <subfield code="a">00000008837</subfield>
  </datafield>
  <datafield tag="990" ind1=" " ind2=" ">
   <subfield code="a">00000008015</subfield>
  </datafield>
  <datafield tag="990" ind1=" " ind2=" ">
   <subfield code="a">00000008016</subfield>
  </datafield>
  <datafield tag="990" ind1=" " ind2=" ">
   <subfield code="a">00000008834</subfield>
  </datafield>
  <datafield tag="990" ind1=" " ind2=" ">
   <subfield code="a">00000008834</subfield>
  </datafield>
  <datafield tag="990" ind1=" " ind2=" ">
   <subfield code="a">00000008015</subfield>
  </datafield>
  <datafield tag="990" ind1=" " ind2=" ">
   <subfield code="a">00000008016</subfield>
  </datafield>
  <datafield tag="990" ind1=" " ind2=" ">
   <subfield code="a">00000008837</subfield>
  </datafield>
  <datafield tag="990" ind1=" " ind2=" ">
   <subfield code="a">00000008016</subfield>
  </datafield>
  <datafield tag="990" ind1=" " ind2=" ">
   <subfield code="a">00000008015</subfield>
  </datafield>
  <datafield tag="990" ind1=" " ind2=" ">
   <subfield code="a">00000008834</subfield>
  </datafield>
  <datafield tag="990" ind1=" " ind2=" ">
   <subfield code="a">00000008837</subfield>
  </datafield>
  <datafield tag="990" ind1=" " ind2=" ">
   <subfield code="a">00000008015</subfield>
  </datafield>
  <datafield tag="990" ind1=" " ind2=" ">
   <subfield code="a">00000008016</subfield>
  </datafield>
  <datafield tag="990" ind1=" " ind2=" ">
   <subfield code="a">00000008834</subfield>
  </datafield>
  <datafield tag="990" ind1=" " ind2=" ">
   <subfield code="a">00000008837</subfield>
  </datafield>
  <datafield tag="990" ind1=" " ind2=" ">
   <subfield code="a">00000010279</subfield>
  </datafield>
  <datafield tag="990" ind1=" " ind2=" ">
   <subfield code="a">00000008015</subfield>
  </datafield>
  <datafield tag="990" ind1=" " ind2=" ">
   <subfield code="a">00000008016</subfield>
  </datafield>
  <datafield tag="990" ind1=" " ind2=" ">
   <subfield code="a">00000008834</subfield>
  </datafield>
  <datafield tag="990" ind1=" " ind2=" ">
   <subfield code="a">00000008837</subfield>
  </datafield>
 </record>
</collection>
